[Event "Sparkassen-Open B"]
[Site "Heusenstamm, Martinsee"]
[Date "2021.11.20"]
[Round "5.16"]
[White "Steinke, Hans-Jörg"]
[Black "Ulrich, Helena Irene"]
[Result "1/2-1/2"]
[WhiteElo "1745"]
[BlackElo "1537"]
[PlyCount "85"]
[EventDate "2021.??.??"]
[WhiteTeam "SV Erkenschwick"]
[BlackTeam "SV Medizin Erfurt"]

1. d4 Nf6 2. c4 g6 3. Nc3 Bg7 4. e4 d6 5. Nf3 O-O 6. Be2 e5 7. O-O Nc6 8. d5
Ne7 9. Ne1 Nd7 10. Be3 f5 11. f3 f4 12. Bf2 g5 13. Nd3 Nf6 14. Rc1 h5 15. c5
Ng6 16. cxd6 cxd6 17. Nb5 Rf7 18. Nxa7 Bd7 19. Qb3 g4 20. Nb5 Bxb5 21. Qxb5
Rxa2 22. Qb3 Ra8 23. Qd1 Qd7 24. Re1 Bf8 25. Bb6 Rc8 26. Qb3 Rxc1 27. Rxc1 Nh4
28. Rc7 Qe8 29. Rxf7 Qxf7 30. Bf2 gxf3 31. Bxh4 fxe2 32. Bxf6 Qxf6 33. Ne1 Qg6
34. Qf3 Be7 35. Qxe2 Bh4 36. Nf3 Bd8 37. Kf1 Qg4 38. Qb5 Qc8 39. Qe8+ Kg7 40.
Qxh5 Qc1+ 41. Ne1 Ba5 42. Qg4+ Kf6 43. Qe6+ 1/2-1/2

[Event "Sparkassen-Open B"]
[Site "Heusenstamm, Martinsee"]
[Date "2021.11.20"]
[Round "5.17"]
[White "Schmid, Leon"]
[Black "Bengsch, Norbert"]
[Result "0-1"]
[WhiteElo "1536"]
[BlackElo "1716"]
[PlyCount "68"]
[EventDate "2021.??.??"]
[WhiteTeam "SF Heidesheim"]
[BlackTeam "SG Donautal Tuttlingen"]

1. e4 b6 2. Nf3 Bb7 3. d3 e6 4. g3 d5 5. Nbd2 Nf6 6. e5 Nfd7 7. Bg2 c5 8. O-O
Nc6 9. Re1 Be7 10. Nf1 Qc7 11. Bf4 h6 12. h4 O-O-O 13. c3 Rdg8 14. Qd2 Qd8 15.
d4 g5 16. hxg5 hxg5 17. Be3 g4 18. N3h2 cxd4 19. cxd4 Bb4 20. Qe2 Bxe1 21. Rxe1
Qf8 22. Nxg4 Qg7 23. f3 Kb8 24. Rc1 Qg6 25. Kf2 Rc8 26. a3 Na5 27. Rxc8+ Rxc8
28. Bd2 Rc2 29. Nfe3 Rxb2 30. Qd1 Nb3 31. Nf1 Ba6 32. Nge3 Rb1 33. Qc2 Bxf1 34.
Bxf1 Nxd2 0-1

[Event "Sparkassen-Open B"]
[Site "Heusenstamm, Martinsee"]
[Date "2021.11.20"]
[Round "5.18"]
[White "Schwenk, Stefan"]
[Black "Kosak, Karolina"]
[Result "1-0"]
[WhiteElo "1719"]
[BlackElo "1319"]
[PlyCount "84"]
[EventDate "2021.??.??"]
[WhiteTeam "SK Geisenheim"]
[BlackTeam "SV Frankfurt Nord"]

1. c4 e6 2. g3 Nf6 3. Bg2 d5 4. e3 Be7 5. Ne2 O-O 6. cxd5 exd5 7. d4 Bf5 8.
Nbc3 c6 9. O-O Nbd7 10. a3 a6 11. f3 Nb6 12. e4 dxe4 13. fxe4 Bg6 14. Nf4 Qd7
15. Nxg6 hxg6 16. h3 Rad8 17. Be3 Nc4 18. Bf2 Nb6 19. Qb3 Nc8 20. Rfd1 Rfe8 21.
Qc2 Bf8 22. b4 b6 23. Rac1 Ne7 24. Kh2 Qb7 25. Ne2 Rc8 26. Rd3 Nd7 27. Rc3 Nb8
28. Qd2 Red8 29. Nf4 Nd7 30. Qe3 Kh8 31. g4 Nb8 32. Bg3 Nd7 33. Nd3 f5 34. Ne5
Nxe5 35. Bxe5 fxe4 36. Bxe4 Nd5 37. Bxd5 cxd5 38. Qh6+ Kg8 39. Qxg6 Rxc3 40.
Rxc3 Rc8 41. Qe6+ Qf7 42. Qxf7+ Kxf7 1-0

[Event "Sparkassen-Open B"]
[Site "Heusenstamm, Martinsee"]
[Date "2021.11.20"]
[Round "5.19"]
[White "Reinhold, Günther"]
[Black "Chua, Daniel James"]
[Result "0-1"]
[WhiteElo "1716"]
[BlackElo "1315"]
[PlyCount "76"]
[EventDate "2021.??.??"]
[WhiteTeam "Frankfurter TV"]
[BlackTeam "SC Garching"]

1. e4 e5 2. Nf3 Nc6 3. Bc4 Bc5 4. c3 Nf6 5. d3 d6 6. O-O a6 7. Bb3 Be6 8. h3
O-O 9. Re1 Qd7 10. Nbd2 Nh5 11. Ng5 Nf4 12. Nxe6 fxe6 13. Qg4 h5 14. Qh4 Nxd3
15. Rf1 Bxf2+ 16. Rxf2 Rxf2 17. Nf3 Re2 18. Ng5 d5 19. Qxh5 Re1+ 20. Kh2 Re8
21. Qh7+ Kf8 22. Qh8+ Ke7 23. Qxg7+ Kd6 24. Nf7+ Kc5 25. Ba4 Rxc1 26. b4+ Kb6
27. Rxc1 Nxc1 28. Qg6 Qe7 29. Qh5 Rf8 30. Nxe5 Qd6 31. Bxc6 bxc6 32. Kg1 Qd8
33. a4 Kb7 34. Qd1 Qg5 35. Nd7 Qe3+ 36. Kh2 Rf2 37. Nc5+ Ka7 38. Nxe6 Ne2 0-1

[Event "Sparkassen-Open B"]
[Site "Heusenstamm, Martinsee"]
[Date "2021.11.20"]
[Round "5.20"]
[White "Vranckx, Oscar"]
[Black "Wartenberg, Alissa"]
[Result "1/2-1/2"]
[WhiteElo "1345"]
[BlackElo "1586"]
[PlyCount "103"]
[EventDate "2021.??.??"]
[WhiteTeam "SF Mainz"]
[BlackTeam "Hamburger SK"]

1. e4 e5 2. Nf3 Nc6 3. d4 exd4 4. Nxd4 Bc5 5. Be3 Qf6 6. c3 Nge7 7. g3 b6 8.
Bg2 Bb7 9. b4 Bxd4 10. cxd4 Qg6 11. f4 Nxb4 12. Nc3 O-O 13. f5 Qc6 14. Rc1 Nxf5
15. d5 Qc4 16. exf5 Nd3+ 17. Kd2 Nxc1 18. Bf1 Qb4 19. Qxc1 Bxd5 20. a3 Qa5 21.
Rg1 Bb7 22. f6 Rfe8 23. Bd3 Qe5 24. Bf4 Qxf6 25. Rf1 Qe7 26. Qd1 Qxa3 27. Bxc7
Rac8 28. Bxh7+ Kh8 29. Qh5 Qc5 30. Bf5+ Kg8 31. Qh7+ Kf8 32. Qh8+ Ke7 33. Re1+
Kf6 34. Rxe8 Rxe8 35. Qxe8 Qxf5 36. Bf4 Ba6 37. Qe3 Qe6 38. Qd4+ Kg6 39. Bb8
Qc6 40. Nd5 Kh7 41. Bxa7 Qh6+ 42. Ke1 Qxh2 43. Qe4+ Kh8 44. Qh4+ Qxh4 45. gxh4
Kh7 46. Bxb6 Kh6 47. Kf2 g5 48. Be3 Kg6 49. hxg5 Bc4 50. Nb6 Be6 51. Kg3 f6 52.
gxf6 1/2-1/2

[Event "Sparkassen-Open B"]
[Site "Heusenstamm, Martinsee"]
[Date "2021.11.20"]
[Round "5.21"]
[White "Spelleken, Hans-Gerd"]
[Black "Rotärmel, Leonie"]
[Result "1-0"]
[WhiteElo "1691"]
[BlackElo "1389"]
[PlyCount "115"]
[EventDate "2021.??.??"]
[WhiteTeam "SC Kahl"]
[BlackTeam "SV Oberursel"]

1. Nf3 Nf6 2. d4 g6 3. Nbd2 Bg7 4. e4 d6 5. Bc4 O-O 6. e5 dxe5 7. dxe5 Nfd7 8.
e6 fxe6 9. Bxe6+ Kh8 10. Ne4 Ne5 11. Nfg5 Qxd1+ 12. Kxd1 h6 13. Bxc8 Rxc8 14.
Ne6 Nbd7 15. b3 b6 16. Nxg7 Kxg7 17. Bb2 Kg8 18. Ke2 Rf8 19. a4 c5 20. Nc3 Nf6
21. Nb5 Nc6 22. Nc7 Rac8 23. Ne6 Rf7 24. f3 Nd5 25. g3 Ndb4 26. c3 Nd5 27. c4
Ndb4 28. Rad1 Na5 29. Rd7 Nbc6 30. Rd3 Nb4 31. Re3 Nac6 32. Rd1 Nc2 33. Red3
N2b4 34. Rd7 Na6 35. Nd8 Nxd8 36. Rxd8+ Rf8 37. R8d7 Ra8 38. Rxe7 Rfe8 39. Rdd7
Rxe7+ 40. Rxe7 g5 41. Rg7+ Kf8 42. Bc3 Re8+ 43. Kf2 Re7 44. Rg6 Rh7 45. Rd6 Ke8
46. a5 Ke7 47. Rg6 Nb4 48. Bxb4 cxb4 49. axb6 axb6 50. Rxb6 Kd8 51. Rxb4 Ra7
52. Rb6 Ra2+ 53. Kg1 Ra1+ 54. Kg2 Ra2+ 55. Kh3 Rb2 56. b4 Rb3 57. Kg4 h5+ 58.
Kxh5 1-0

[Event "Sparkassen-Open B"]
[Site "Heusenstamm, Martinsee"]
[Date "2021.11.20"]
[Round "5.23"]
[White "Burlutskaia, Maria"]
[Black "Wartenberg, Alexander"]
[Result "0-1"]
[WhiteElo "1415"]
[BlackElo "1405"]
[PlyCount "40"]
[EventDate "2021.??.??"]
[WhiteTeam "TTC Grün-Weiß Fritzdorf"]
[BlackTeam "Hamburger SK"]

1. e4 e5 2. Nf3 Nf6 3. Nxe5 d6 4. Nf3 Nxe4 5. Bc4 d5 6. Qe2 Be7 7. Bb3 O-O 8.
d3 Nf6 9. h3 Bb4+ 10. c3 Ba5 11. O-O c5 12. Bg5 Be6 13. d4 Bb6 14. Nbd2 Re8 15.
Bxf6 gxf6 16. Qd1 Kh8 17. Bc2 Rg8 18. Kh1 Qd7 19. dxc5 Bxh3 20. Ne1 Bxg2+ 0-1

[Event "Sparkassen-Open B"]
[Site "Heusenstamm, Martinsee"]
[Date "2021.11.20"]
[Round "5.24"]
[White "Englert, Fred"]
[Black "Kuchta, Maksim"]
[Result "1/2-1/2"]
[WhiteElo "1779"]
[BlackElo "1490"]
[PlyCount "89"]
[EventDate "2021.??.??"]
[WhiteTeam "SK Klingenberg"]
[BlackTeam "SC Heusenstamm"]

1. c4 e5 2. g3 Nf6 3. Bg2 g6 4. Nc3 Bg7 5. Nf3 Nc6 6. d4 exd4 7. Nxd4 O-O 8.
O-O d6 9. Nxc6 bxc6 10. Bxc6 Rb8 11. Qc2 Bf5 12. e4 Be6 13. b3 Bh3 14. Re1 Ng4
15. f4 Bd4+ 16. Kh1 Nf2+ 17. Kg1 Nd3+ 18. Be3 Nxe1 19. Rxe1 Bxe3+ 20. Rxe3 Rb6
21. Ba4 c6 22. Qe2 Qc8 23. a3 Bg4 24. Qd2 Rd8 25. b4 Be6 26. Bb3 Qa6 27. c5 Bh3
28. Rd3 Rbb8 29. Ne2 Bg4 30. Nc1 Qc8 31. cxd6 Be6 32. Bxe6 Qxe6 33. e5 f6 34.
Re3 Rd7 35. Nb3 Qf5 36. Nc5 Rdd8 37. e6 Qb1+ 38. Re1 Rxd6 39. Qxd6 Qxe1+ 40.
Kg2 Qe2+ 41. Kg1 Qe1+ 42. Kg2 Qe2+ 43. Kh3 Qh5+ 44. Kg2 Qe2+ 45. Kh3 1/2-1/2

[Event "Sparkassen-Open B"]
[Site "Heusenstamm, Martinsee"]
[Date "2021.11.20"]
[Round "5.25"]
[White "Koholka, Jan"]
[Black "John, Volkmar"]
[Result "1-0"]
[WhiteElo "1533"]
[BlackElo "1693"]
[PlyCount "65"]
[EventDate "2021.??.??"]
[WhiteTeam "SK Langen"]
[BlackTeam "SK Herborn"]

1. e4 c5 2. Nf3 e6 3. d4 cxd4 4. Nxd4 Nc6 5. Nc3 Qc7 6. Be3 a6 7. a3 Nf6 8. Nb3
Be7 9. Be2 O-O 10. O-O d6 11. f4 b5 12. Qe1 Bb7 13. Bf3 Rac8 14. Qf2 Rfe8 15.
Rad1 b4 16. axb4 Nxb4 17. Rd2 Bc6 18. f5 exf5 19. exf5 Bxf3 20. Qxf3 Qc6 21.
Qg3 Ne4 22. Nxe4 Qxe4 23. Rf4 Qb7 24. f6 Bf8 25. fxg7 Be7 26. Nd4 Nd5 27. Nf5
h5 28. Nh6+ Kh7 29. g8=Q+ Rxg8 30. Rxf7+ Kh8 31. Bd4+ Bf6 32. Bxf6+ Nxf6 33.
Rxb7 1-0

[Event "Sparkassen-Open B"]
[Site "Heusenstamm, Martinsee"]
[Date "2021.11.20"]
[Round "5.26"]
[White "Raghavan, Badrinarayanan"]
[Black "Wartenberg, Julian"]
[Result "0-1"]
[WhiteElo "1693"]
[BlackElo "1531"]
[PlyCount "74"]
[EventDate "2021.??.??"]
[WhiteTeam "SK Gießen"]
[BlackTeam "Hamburger SK"]

1. c4 c6 2. e4 g6 3. Nc3 Bg7 4. g3 d6 5. Bg2 Nf6 6. Nge2 O-O 7. O-O Be6 8. d3
Qc8 9. Nf4 Bd7 10. Re1 e5 11. Nfe2 Bh3 12. Bh1 h5 13. Bg5 Qd7 14. Qd2 Kh7 15.
Rad1 Na6 16. f4 Ng8 17. d4 f6 18. Bh4 exf4 19. gxf4 Qg4+ 20. Bg3 h4 21. Kf2
hxg3+ 22. hxg3 Bh6 23. Bf3 Qd7 24. Rh1 Kg7 25. Rxh3 Qxh3 26. g4 Qh2+ 27. Bg2
Bxf4 28. Nxf4 Qh4+ 29. Kf3 Rae8 30. d5 cxd5 31. cxd5 Nc7 32. Nce2 Nh6 33. Bh3
Kh7 34. Ng1 Nf7 35. Qb4 Ng5+ 36. Kg2 Nxe4 37. Qxb7 Qf2+ 0-1

[Event "Sparkassen-Open B"]
[Site "Heusenstamm, Martinsee"]
[Date "2021.11.20"]
[Round "5.27"]
[White "Mandalka, Justus"]
[Black "Köberl, Christiane"]
[Result "1-0"]
[WhiteElo "1366"]
[BlackElo "1680"]
[PlyCount "87"]
[EventDate "2021.??.??"]
[WhiteTeam "SK Bad Homburg"]
[BlackTeam "VL Sulzbach"]

1. e4 e6 2. d4 b6 3. Bd3 Bb7 4. Bf4 Ne7 5. Ne2 Ng6 6. O-O Be7 7. c4 c6 8. Nbc3
Na6 9. Bg3 Nc7 10. d5 cxd5 11. exd5 d6 12. f4 O-O 13. Qd2 f5 14. Rad1 exd5 15.
cxd5 Kh8 16. Bc4 Qd7 17. a3 Rac8 18. Nd4 a6 19. Ba2 b5 20. b4 Rf6 21. Qd3 Bd8
22. Rf3 Ne8 23. Bf2 Rf8 24. g3 Ne7 25. Be3 Nc7 26. Nc2 Rf6 27. Bc1 Qe8 28. Bb2
Rh6 29. Re1 Qh5 30. Rf2 Ng6 31. Ne3 Nxf4 32. gxf4 Bh4 33. Ree2 Bxf2+ 34. Rxf2
Rf8 35. Ne2 Ne8 36. Ng3 Qg6 37. Rg2 Bc8 38. Bb1 Qf7 39. Nexf5 Bxf5 40. Qxf5 Qe7
41. Qe4 Qh4 42. Nf5 Qh5 43. Bc2 Nf6 44. Nxh6 1-0

[Event "Sparkassen-Open B"]
[Site "Heusenstamm, Martinsee"]
[Date "2021.11.20"]
[Round "5.28"]
[White "Pu, Tim Yu"]
[Black "Englert, Lin"]
[Result "1/2-1/2"]
[WhiteElo "1620"]
[BlackElo "1476"]
[PlyCount "59"]
[EventDate "2021.??.??"]
[WhiteTeam "SV Großauheim"]
[BlackTeam "TV-Großostheim"]

1. d4 d5 2. Bf4 Bf5 3. e3 e6 4. Nf3 Nf6 5. Nbd2 Bd6 6. Bg3 O-O 7. Be2 Bxg3 8.
fxg3 Nbd7 9. O-O c6 10. Nh4 Bg6 11. Nxg6 fxg6 12. c4 Qb6 13. b3 c5 14. Nf3 Qc6
15. Qc2 b6 16. Rad1 Ne4 17. Bd3 Ndf6 18. Ne5 Qd6 19. Rf3 Ng5 20. Rf2 Nf7 21.
Nxf7 Rxf7 22. Rdf1 Raf8 23. Qe2 Qe7 24. Qb2 Nd7 25. a4 Rxf2 26. Rxf2 Rxf2 27.
Qxf2 Qf6 28. Qf4 Qxf4 29. gxf4 Nf6 30. h3 1/2-1/2

[Event "Sparkassen-Open B"]
[Site "Heusenstamm, Martinsee"]
[Date "2021.11.20"]
[Round "5.29"]
[White "Huang, Luca Hanson"]
[Black "Schönfeld, Ulrich"]
[Result "1/2-1/2"]
[WhiteElo "1429"]
[BlackElo "1610"]
[PlyCount "66"]
[EventDate "2021.??.??"]
[WhiteTeam "SK Frankenthal"]
[BlackTeam "TSV Kirchehrenbach"]

1. e4 c5 2. Nf3 d6 3. d4 cxd4 4. Nxd4 Nf6 5. Nc3 a6 6. Be2 e5 7. Nf3 Be7 8. Be3
O-O 9. Qd3 Ng4 10. Nd5 Nxe3 11. Qxe3 Nd7 12. O-O b5 13. c4 bxc4 14. Bxc4 Rb8
15. Rac1 Rxb2 16. Qc3 Rb8 17. Bb3 Nc5 18. Nxe5 Bb7 19. Nxf7 Rxf7 20. Nxe7+ Qxe7
21. Bxf7+ Qxf7 22. e5 Qd5 23. Qg3 dxe5 24. Rfd1 Ne4 25. Rxd5 Nxg3 26. Rxe5 Ne4
27. Rb1 Rd8 28. f3 Nd6 29. Re7 Bd5 30. Rb6 Nc8 31. Rb8 Nxe7 32. Rxd8+ Kf7 33.
a3 Ke6 1/2-1/2

[Event "Sparkassen-Open B"]
[Site "Heusenstamm, Martinsee"]
[Date "2021.11.20"]
[Round "5.30"]
[White "Alt, Johannes"]
[Black "Leichum, Engelbert"]
[Result "1-0"]
[WhiteElo "1283"]
[BlackElo "1603"]
[PlyCount "83"]
[EventDate "2021.??.??"]
[WhiteTeam "SF Heidesheim"]
[BlackTeam "VL Frankfurt"]

1. d4 Nf6 2. Nf3 Nc6 3. Bf4 d5 4. e3 Bg4 5. c3 e6 6. Nbd2 Bd6 7. Bxd6 cxd6 8.
Qb3 Qc7 9. Be2 O-O 10. h3 Bh5 11. g4 Bg6 12. Nh4 Rae8 13. Nxg6 fxg6 14. f4 e5
15. g5 exf4 16. gxf6 Qf7 17. e4 Qxf6 18. Qxd5+ Kh8 19. O-O-O Rc8 20. Kb1 Ne7
21. Qb3 a5 22. Nc4 Ra8 23. Nb6 Ra7 24. Nd7 Qf7 25. Nxf8 Qxf8 26. Rhf1 g5 27.
Bg4 a4 28. Qb6 Qa8 29. Qxd6 b5 30. d5 a3 31. b3 h6 32. Qe6 Qb7 33. d6 Ra6 34.
Qxe7 Qc6 35. d7 Qxc3 36. d8=Q+ Kh7 37. Bf5+ Rg6 38. Bxg6+ Kxg6 39. Qee8+ Kh7
40. Qg8+ Kg6 41. Qde8+ Kf6 42. Qge6# 1-0

[Event "Sparkassen-Open B"]
[Site "Heusenstamm, Martinsee"]
[Date "2021.11.20"]
[Round "5.31"]
[White "Özyar, Arin"]
[Black "Kirchner, Stefan"]
[Result "1-0"]
[WhiteElo "1334"]
[BlackElo "1598"]
[PlyCount "49"]
[EventDate "2021.??.??"]
[WhiteTeam "SC Bad Soden"]
[BlackTeam "SF Schöneck"]

1. d4 f5 2. Nc3 Nf6 3. Bf4 g6 4. Nf3 d6 5. e3 Bg7 6. Bc4 e6 7. Qe2 O-O 8. O-O-O
d5 9. Bb3 c6 10. Ne5 Bd7 11. h3 a5 12. a4 Ne4 13. Nxe4 fxe4 14. g4 g5 15. Bg3
Bf6 16. Rh2 Be8 17. Rdh1 Nd7 18. h4 Qe7 19. hxg5 Bxg5 20. Rxh7 Qxh7 21. Rxh7
Kxh7 22. Qf1 Nxe5 23. Qh3+ Bh6 24. Bxe5 Rg8 25. Bf4 1-0

[Event "Sparkassen-Open B"]
[Site "Heusenstamm, Martinsee"]
[Date "2021.11.20"]
[Round "5.32"]
[White "Nimrichter, Christian"]
[Black "Gräf, Jakob Vincent"]
[Result "0-1"]
[WhiteElo "1446"]
[BlackElo "1557"]
[PlyCount "152"]
[EventDate "2021.??.??"]
[WhiteTeam "VSG Offenbach"]
[BlackTeam "SV Frankfurt Nord"]

1. d4 d5 2. c4 c6 3. Nc3 e6 4. Nf3 Nf6 5. Bg5 Nbd7 6. e3 Bb4 7. a3 Bxc3+ 8.
bxc3 O-O 9. cxd5 cxd5 10. Bd3 Qa5 11. Qb3 Ne4 12. Be7 Re8 13. Bb4 Qc7 14. c4 a5
15. Bd2 dxc4 16. Bxc4 Nb6 17. Bd3 Nxd2 18. Nxd2 Bd7 19. O-O Rec8 20. Rab1 Qc3
21. Qxc3 Rxc3 22. Bxh7+ Kxh7 23. Rxb6 Rxa3 24. Rxb7 Be8 25. Nc4 Rc3 26. Nd6 Kg6
27. Nxe8 Rxe8 28. Ra1 Ra8 29. Rb2 a4 30. Kf1 a3 31. Rba2 Rb3 32. Ke2 Kf5 33. f3
Rc8 34. e4+ Kf4 35. g3+ Kg5 36. Rxa3 Rc2+ 37. Kf1 Rbb2 38. h4+ Kg6 39. Re3 Rf2+
40. Ke1 Rh2 41. Kd1 Rbd2+ 42. Kc1 Rdg2 43. Re1 Rxg3 44. Ra3 Rgg2 45. Rc3 Ra2
46. Kb1 Rad2 47. Kc1 Rxd4 48. Rc2 Rxh4 49. Rg1+ Kf6 50. Rc5 g6 51. Kc2 Rh3 52.
Kc3 Rxe4 53. Kd3 Rf4 54. Rf1 Rhxf3+ 55. Rxf3 Rxf3+ 56. Ke4 Rf5 57. Rc7 Ra5 58.
Kf4 Ra4+ 59. Kf3 e5 60. Ke3 Ke6 61. Kf3 f6 62. Rc6+ Kf5 63. Rc1 Ra3+ 64. Kf2 g5
65. Rf1 e4 66. Ke2+ Ke5 67. Rg1 Kf4 68. Rf1+ Rf3 69. Rxf3+ exf3+ 70. Kf2 g4 71.
Kg1 Kg3 72. Kh1 Kf2 73. Kh2 g3+ 74. Kh1 g2+ 75. Kh2 g1=Q+ 76. Kh3 Qg3# 0-1

[Event "Sparkassen-Open B"]
[Site "Heusenstamm, Martinsee"]
[Date "2021.11.20"]
[Round "5.34"]
[White "Niesel, Markus"]
[Black "Homfeldt, Maren"]
[Result "1-0"]
[WhiteElo "891"]
[BlackElo "1144"]
[PlyCount "113"]
[EventDate "2021.??.??"]
[WhiteTeam "SV Ffm-Griesheim"]
[BlackTeam "SC Noris-Tarrasch Nürnberg"]

1. e4 d6 2. Nf3 f6 3. Bc4 Nd7 4. c3 Nc5 5. d3 Bd7 6. O-O e6 7. Re1 b5 8. Bb3 a5
9. Bc2 b4 10. d4 Nb7 11. Qd3 bxc3 12. bxc3 e5 13. Qc4 Ne7 14. Bb3 d5 15. exd5
Nd6 16. Qd3 Bf5 17. Qe3 e4 18. Nh4 a4 19. Bc2 Nxd5 20. Qe2 g5 21. Nxf5 Nxf5 22.
Bxe4 Nf4 23. Qb5+ Kf7 24. Bxa8 Nd6 25. Qxa4 h5 26. Bc6 Be7 27. Qb3+ Kg7 28. Nd2
h4 29. Nc4 Re8 30. Bxe8 Nxg2 31. Kxg2 Qa8+ 32. Re4 Qxe4+ 33. Kf1 Qd3+ 34. Ke1
Qe4+ 35. Ne3 Qh1+ 36. Ke2 Nxe8 37. Nf5+ Kf8 38. Nh6 Qe4+ 39. Be3 Qg6 40. Ng4
Bd6 41. f3 Qh5 42. Qd5 Be7 43. Rb1 f5 44. Qxf5+ Nf6 45. Rb8+ Kg7 46. Bxg5 Nxg4
47. fxg4 Qxg5 48. Qe4 Bd6 49. h3 Kf7 50. Qh7+ Ke6 51. Re8+ Kd5 52. Qe4+ Kc4 53.
Ra8 Kxc3 54. Qd3+ Kb2 55. Rb8+ Kxa2 56. Qb1+ Ka3 57. Qa1# 1-0

[Event "Sparkassen-Open B"]
[Site "Heusenstamm, Martinsee"]
[Date "2021.11.20"]
[Round "5.35"]
[White "Herrmann, Gerhard"]
[Black "Laux, Filip"]
[Result "1/2-1/2"]
[WhiteElo "1555"]
[BlackElo "1320"]
[PlyCount "48"]
[EventDate "2021.??.??"]
[WhiteTeam "SC Königsspringer Alzenau"]
[BlackTeam "VSG Offenbach"]

1. e4 c6 2. d4 d5 3. exd5 cxd5 4. Nf3 Nf6 5. h3 Bf5 6. Bd3 Bg6 7. O-O e6 8. Re1
Nc6 9. c3 Rc8 10. Bxg6 hxg6 11. Bf4 Bd6 12. Ne5 Bxe5 13. dxe5 Nd7 14. Nd2 Qb6
15. b3 Ne7 16. c4 O-O 17. Be3 d4 18. Bf4 Nc6 19. Nf3 Ndb8 20. Re4 Rfd8 21. Qd2
Na6 22. Rd1 Nc5 23. Ree1 Na6 24. Re4 Nc5 1/2-1/2

[Event "Sparkassen-Open B"]
[Site "Heusenstamm, Martinsee"]
[Date "2021.11.20"]
[Round "5.36"]
[White "Schwegler, Jelena"]
[Black "Gräf, Kilian Gabriel"]
[Result "1-0"]
[WhiteElo "1484"]
[BlackElo "1434"]
[PlyCount "105"]
[EventDate "2021.??.??"]
[WhiteTeam "SK Bad Homburg"]
[BlackTeam "SV Frankfurt Nord"]

1. e4 d6 2. d4 g6 3. b3 Nf6 4. Nd2 Bg7 5. Be2 Nc6 6. Bb2 Nd7 7. Nf1 Nc5 8. e5
Nd7 9. f4 Bh6 10. d5 Ncb8 11. e6 Nf6 12. exf7+ Kxf7 13. g3 Re8 14. Qd4 c5 15.
Qc4 Nbd7 16. Ne3 e5 17. dxe6+ Rxe6 18. O-O-O Nb6 19. Qd3 Ne4 20. Ng4 Bg7 21.
Bf3 Bxb2+ 22. Kxb2 Qh8+ 23. c3 Nf6 24. Nh3 h6 25. Nxh6+ Qxh6 26. Ng5+ Ke7 27.
Nxe6 Bxe6 28. Qxd6+ Kf7 29. Bxb7 Rf8 30. Rd2 Bd5 31. Bxd5+ Nbxd5 32. Rxd5 Nxd5
33. Qxd5+ Kg7 34. h4 Rf5 35. Qa8 Rf7 36. Re1 g5 37. Qe4 gxf4 38. Qe5+ Kh7 39.
gxf4 Rxf4 40. Qc7+ Kg8 41. Re8+ Rf8 42. Qg3+ Kf7 43. Rxf8+ Kxf8 44. Qb8+ Kf7
45. Qxa7+ Kg8 46. Qb8+ Kf7 47. Qc7+ Kg8 48. Qd8+ Kg7 49. Qg5+ Qxg5 50. hxg5 Kg6
51. Kc2 Kxg5 52. Kd3 Kf6 53. Kc4 1-0

[Event "Sparkassen-Open B"]
[Site "Heusenstamm, Martinsee"]
[Date "2021.11.20"]
[Round "5.37"]
[White "Schmidt, Moritz"]
[Black "Gude, Michael"]
[Result "1-0"]
[WhiteElo "1425"]
[BlackElo "1643"]
[PlyCount "43"]
[EventDate "2021.??.??"]
[WhiteTeam "SVG Plettenberg"]
[BlackTeam "Frankfurter TV"]

1. e4 e6 2. d4 d5 3. Nc3 Bb4 4. exd5 exd5 5. Bd3 Ne7 6. a3 Bxc3+ 7. bxc3 Bf5 8.
Nf3 O-O 9. O-O Nd7 10. Re1 Re8 11. Rxe7 Qxe7 12. Bxf5 f6 13. Bf4 c6 14. Qd2 Nb6
15. Re1 Qxa3 16. h3 Nc4 17. Rxe8+ Rxe8 18. Qd3 h6 19. Bh7+ Kf8 20. Qg6 Qe7 21.
Bxh6 gxh6 22. Qg8# 1-0

[Event "Sparkassen-Open B"]
[Site "Heusenstamm, Martinsee"]
[Date "2021.11.20"]
[Round "5.38"]
[White "Boll, Nils"]
[Black "Althaus, Lennart"]
[Result "1/2-1/2"]
[WhiteElo "1406"]
[BlackElo "1620"]
[PlyCount "74"]
[EventDate "2021.??.??"]
[WhiteTeam "SV Großauheim"]
[BlackTeam "TV-Großostheim"]

1. d4 d5 2. c4 c6 3. Nf3 Nf6 4. cxd5 cxd5 5. Bf4 Nc6 6. e3 Bf5 7. Bb5 Rc8 8.
Ne5 e6 9. Qa4 Qb6 10. Nd2 Nd7 11. Nxd7 Kxd7 12. Rc1 a6 13. Bxc6+ Rxc6 14. O-O
Bd6 15. Bxd6 Kxd6 16. Rxc6+ Qxc6 17. Qxc6+ Kxc6 18. Rc1+ Kd7 19. Nb3 b6 20. Nd2
Rc8 21. Rxc8 Kxc8 22. Kf1 Kc7 23. Ke1 a5 24. h4 h6 25. g3 Kc6 26. Kd1 Kb5 27.
a3 Ka4 28. Kc1 b5 29. Kd1 b4 30. axb4 Kxb4 31. Kc1 a4 32. Kd1 a3 33. bxa3+ Kxa3
34. Kc1 Ka2 35. Nf3 f6 36. Ne1 Kb3 37. Kd2 Kc4 1/2-1/2

[Event "Sparkassen-Open B"]
[Site "Heusenstamm, Martinsee"]
[Date "2021.11.20"]
[Round "5.39"]
[White "Neininger, Sarah"]
[Black "Goodwin, David"]
[Result "1-0"]
[WhiteElo "1380"]
[BlackElo "1542"]
[PlyCount "105"]
[EventDate "2021.??.??"]
[WhiteTeam "VSG Offenbach"]
[BlackTeam "SV Kelsterbach"]

1. e4 g6 2. d4 Bg7 3. Nc3 d6 4. Be3 a6 5. Qd2 b5 6. Bd3 Bb7 7. Nge2 Nd7 8. O-O
c5 9. dxc5 Nxc5 10. Bd4 e5 11. Be3 Nxd3 12. Qxd3 Qc7 13. Nd5 Bxd5 14. Qxd5 Rd8
15. c3 Nf6 16. Qd3 O-O 17. a4 Qc4 18. Qxc4 bxc4 19. f3 d5 20. exd5 Nxd5 21. Bc5
Rfe8 22. Rad1 Bh6 23. Rfe1 Be3+ 24. Bxe3 Nxe3 25. Rxd8 Rxd8 26. f4 Rd1 27. Rxd1
Nxd1 28. fxe5 Nxb2 29. a5 Nd3 30. Ng3 Nxe5 31. Ne4 Nc6 32. Nc5 Nxa5 33. Nxa6 f5
34. Nc5 Kf7 35. Kf2 Ke7 36. Ke3 Kd6 37. Na4 g5 38. Kd4 h5 39. Nb2 g4 40. Nxc4+
Nxc4 41. Kxc4 f4 42. Kd4 f3 43. gxf3 gxf3 44. Ke3 f2 45. Kxf2 Kd5 46. Kg3 Kc4
47. Kh4 Kxc3 48. Kxh5 Kd4 49. Kg6 Ke5 50. h4 Ke6 51. h5 Ke7 52. h6 Kf8 53. h7
1-0

[Event "Sparkassen-Open B"]
[Site "Heusenstamm, Martinsee"]
[Date "2021.11.20"]
[Round "5.40"]
[White "Klein, Simon"]
[Black "Ghaznavi, Massoud"]
[Result "0-1"]
[WhiteElo "1379"]
[BlackElo "1510"]
[PlyCount "72"]
[EventDate "2021.??.??"]
[WhiteTeam "SK Hungen"]
[BlackTeam "SV Oberursel"]

1. d4 d5 2. Bf4 e6 3. e3 Bd6 4. Bg3 h6 5. c3 Nf6 6. Nf3 Ne4 7. Nbd2 Nxg3 8.
hxg3 Nc6 9. Bb5 Bd7 10. Bxc6 Bxc6 11. Ne5 Bb5 12. f4 Qf6 13. c4 dxc4 14. Ndxc4
Bxc4 15. Nxc4 Bb4+ 16. Ke2 Be7 17. Qa4+ c6 18. Ne5 Bd6 19. Rac1 Bxe5 20. dxe5
Qd8 21. Rhd1 Qb6 22. Rc2 O-O 23. Rcd2 a6 24. Qd4 Qb5+ 25. Kf2 Rad8 26. Qxd8
Rxd8 27. Rxd8+ Kh7 28. R1d2 Kg6 29. g4 a5 30. Kg3 Qc5 31. R2d3 b5 32. e4 Qc1
33. f5+ exf5 34. exf5+ Kg5 35. Rd2 Qe1+ 36. Kh3 Qh4# 0-1

[Event "Sparkassen-Open B"]
[Site "Heusenstamm, Martinsee"]
[Date "2021.11.20"]
[Round "5.41"]
[White "Matsoukas, Konstantinos"]
[Black "Margraf, Dieter"]
[Result "0-1"]
[WhiteElo "1148"]
[BlackElo "1482"]
[PlyCount "110"]
[EventDate "2021.??.??"]
[WhiteTeam "Frankfurter TV"]
[BlackTeam "SC Sulzbach-Rosenberg"]

1. e4 d5 2. exd5 Nf6 3. d4 Nxd5 4. Nf3 Bf5 5. c4 Nf6 6. Nc3 e6 7. Be2 c6 8. O-O
Bd6 9. Bg5 h6 10. Bh4 O-O 11. Qb3 b6 12. Ne5 Be7 13. Rad1 Qc7 14. Bf3 Bd6 15.
Rfe1 Nfd7 16. Nb5 cxb5 17. Bxa8 bxc4 18. Nxc4 Bxh2+ 19. Kh1 Bd6 20. Nxd6 Qxd6
21. d5 e5 22. Bg3 f6 23. Bc6 Rc8 24. Rd2 Nc5 25. Qc4 Kh7 26. Rdd1 Nxc6 27. dxc6
Qxc6 28. b4 Ne4 29. Qxc6 Nxg3+ 30. fxg3 Rxc6 31. Rc1 Rxc1 32. Rxc1 Bd3 33. Kg1
e4 34. g4 b5 35. Kf2 a6 36. Rc6 Kg6 37. Rxa6 Kg5 38. Ra7 g6 39. a4 bxa4 40.
Rxa4 Kxg4 41. Ra5 f5 42. b5 f4 43. b6 e3+ 44. Ke1 Be4 45. Ra2 Kg3 46. Rb2 Bb7
47. Kf1 g5 48. Rc2 g4 49. Rc7 Bxg2+ 50. Ke1 f3 51. Rf7 f2+ 52. Ke2 Bf3+ 53.
Rxf3+ gxf3+ 54. Kxe3 f1=Q 55. b7 Qb1 0-1

[Event "Sparkassen-Open B"]
[Site "Heusenstamm, Martinsee"]
[Date "2021.11.20"]
[Round "5.43"]
[White "Hott, Arthur"]
[Black "Kuran, Rainer"]
[Result "1-0"]
[WhiteElo "1239"]
[BlackElo "1461"]
[PlyCount "35"]
[EventDate "2021.??.??"]
[WhiteTeam "SC Bad Soden"]
[BlackTeam "Karlsruher SF"]

1. d4 Nf6 2. Nc3 e6 3. e4 Bb4 4. Bd3 d6 5. Nf3 O-O 6. O-O d5 7. e5 Bxc3 8. bxc3
Ne4 9. Bxe4 dxe4 10. Nd2 Qd5 11. Qe1 b6 12. Nxe4 Ba6 13. f3 Bxf1 14. Kxf1 Nd7
15. Qg3 f5 16. exf6 Nxf6 17. Bh6 Rf7 18. Nxf6+ 1-0